| 000 | 00405nam a2200169Ia 4500 | ||
|---|---|---|---|
| 999 |
_c13336 _d13336 |
||
| 001 | 12582 | ||
| 003 | PK-LaUMT | ||
| 005 | 20221004165638.0 | ||
| 008 | 140401s9999 xx 000 0 und d | ||
| 040 | _cPK-LaUMT | ||
| 082 |
_aW 658.404 _bDEV- |
||
| 245 | _aDevelopment project management : An integrated approach to p | ||
| 260 | _c1974 | ||
| 300 | _a133 p. | ||
| 546 | _aEN | ||
| 942 |
_cWEEDED OUT _2ddc |
||